|
|
|
|
| LEADER |
00000nab a2200000 a 4500 |
| 001 |
vtls000659281 |
| 003 |
SK-MaSNL |
| 005 |
20260304092313.0 |
| 008 |
250425c1998 xo 0 slo |
| 015 |
|
|
|a SNBRA1998/04-11410
|
| 035 |
|
|
|a CLN000011473
|
| 035 |
|
|
|a urn:nbn:sk:snk-abhyr
|
| 035 |
|
|
|a (urnnbn)urn:nbn:sk:snk:ar-a03ujg
|
| 035 |
|
|
|a (uuid)c7ab71e7-768d-4bd6-acfb-912b097c77fb
|
| 040 |
|
|
|a SNKBUCL
|b slo
|c SNKBUCL
|e AACR2
|
| 041 |
0 |
|
|a eng
|
| 044 |
|
|
|a xo
|c SK
|
| 080 |
|
|
|a 624.042.4:533.6.071
|2 1997
|
| 080 |
|
|
|a 533.6.071
|2 1997
|
| 100 |
1 |
|
|a Juhásová, Emília,
|d 1942-2008
|4 aut
|9 166807
|
| 245 |
1 |
0 |
|a Some experiences with calibration and modelling in wind tunnel of ICA SAS
|c Emília Juhásová, Ivan Motlík, Marián Vrabec
|
| 300 |
|
|
|b Obr.
|
| 504 |
|
|
|a Bibliogr. odkazy
|
| 650 |
0 |
7 |
|a konštrukcie štíhle
|x aerodynamika
|2 snkbucl
|9 1385913
|
| 650 |
0 |
7 |
|a tunely
|2 snkbucl
|9 14604
|
| 655 |
|
7 |
|a články z novín a časopisov
|2 snkbucl
|9 267496
|
| 700 |
1 |
|
|a Motlík, Ivan
|4 aut
|9 1385914
|
| 700 |
1 |
|
|a Vrabec, Marián
|4 aut
|9 11982
|
| 773 |
0 |
|
|t Building research journal
|g Roč. 46, č. 1 (1998), s. 47-69
|
| 850 |
|
|
|a Slovenská národná knižnica
|
| 852 |
|
|
|a Slovenská národná knižnica
|
| 958 |
|
|
|a article27
|
| 958 |
|
|
|a NB
|
| 958 |
|
|
|a OND
|
| 958 |
|
|
|a EUIPO
|
| 992 |
|
|
|a RBX
|
| 999 |
|
|
|c 2818632
|d 2820562
|